|
|
|
|
| LEADER |
01663nam a2200373 a 4500 |
| 001 |
EBC3116987 |
| 003 |
MiAaPQ |
| 005 |
20200520144314.0 |
| 006 |
m o d | |
| 007 |
cr cn||||||||| |
| 008 |
911120s1992 caua sb 000 0 eng |
| 010 |
|
|
|z 91077079
|
| 020 |
|
|
|z 1560521449
|
| 035 |
|
|
|a (MiAaPQ)EBC3116987
|
| 035 |
|
|
|a (Au-PeEL)EBL3116987
|
| 035 |
|
|
|a (CaPaEBR)ebr10058905
|
| 035 |
|
|
|a (OCoLC)922967147
|
| 040 |
|
|
|a MiAaPQ
|c MiAaPQ
|d MiAaPQ
|
| 050 |
|
4 |
|a HD62.5
|b .M36 1992
|
| 082 |
0 |
4 |
|a 658.1/141
|2 20
|
| 100 |
1 |
|
|a Martin, Charles L.
|
| 245 |
1 |
0 |
|a Starting your new business
|h [electronic resource] :
|b a guide for entrepreneurs /
|c Charles L. Martin.
|
| 250 |
|
|
|a Rev. ed.
|
| 260 |
|
|
|a Los Altos, Calif. :
|b Crisp Publications,
|c c1992.
|
| 300 |
|
|
|a vi, 103 p. :
|b ill.
|
| 490 |
1 |
|
|a The Fifty-Minute series
|
| 504 |
|
|
|a Includes bibliographical references.
|
| 505 |
0 |
|
|a The nature of entrepreneurship -- Do you have what it takes? -- What makes a successful entrepreneur? -- Checklist for going into business -- Ten ingredients for success -- Screening your business ideas -- A business plan : what it is and why one is essential -- Steps in the planning process -- Potential sources of funds -- Elements of a venture proposal.
|
| 533 |
|
|
|a Electronic reproduction. Ann Arbor, MI : ProQuest, 2015. Available via World Wide Web. Access may be limited to ProQuest affiliated libraries.
|
| 650 |
|
0 |
|a New business enterprises.
|
| 655 |
|
4 |
|a Electronic books.
|
| 710 |
2 |
|
|a ProQuest (Firm)
|
| 830 |
|
0 |
|a Fifty-Minute series.
|
| 856 |
4 |
0 |
|u https://ebookcentral.proquest.com/lib/matrademy/detail.action?docID=3116987
|z Click to View
|